[Event "BLR-ch (Women) 65th"]
[Site "Minsk"]
[Date "2021.05.11"]
[Round "4.3"]
[White "Shaban, Aliaksandra"]
[Black "Stashis, Anna"]
[Result "1/2-1/2"]
[WhiteElo "1572"]
[BlackElo "1916"]
[PlyCount "80"]
[EventDate "2021.05.08"]
[EventType "swiss"]
[EventRounds "9"]
[EventCountry "BLR"]
[SourceTitle "CBM 202 Extra"]
[Source "ChessBase"]
[SourceDate "2021.07.31"]
[SourceVersion "1"]
[SourceVersionDate "2021.07.31"]
[SourceQuality "1"]

1. d4 d5 2. Nf3 c6 3. Bg5 h6 4. Bh4 Qb6 5. Qc1 Bf5 6. e3 Nd7 7. Be2 Ngf6 8. 0-0 e6 9. c4 Be7 10. Nc3 0-0 11. Ne5 Qd8 12. Nxd7 Qxd7 13. Rd1 Ne4 14. Bxe7 Qxe7 15. Nxe4 Bxe4 16. Bd3 Qg5 17. Bxe4 dxe4 18. Qc2 f5 19. d5 exd5 20. cxd5 cxd5 21. Rxd5 Qe7 22. Rad1 Rad8 23. Qd2 Rxd5 24. Qxd5+ Qf7 25. Qxf7+ Rxf7 26. Kf1 Rc7 27. Rd8+ Kf7 28. Ke2 Ke7 29. Rd5 Ke6 30. Rd4 Rc2+ 31. Rd2 Rc1 32. Rd1 Rxd1 33. Kxd1 Kd5 34. Kc2 b5 35. Kc3 a5 36. b3 g5 37. h3 h5 38. g3 Kc5 39. a3 Kd5 40. a4 b4+ 1/2-1/2

[Event "BLR-ch U20 Girls"]
[Site "Minsk"]
[Date "2020.03.19"]
[Round "6"]
[White "Poliakova, Varvara"]
[Black "Stashis, Anna"]
[Result "1/2-1/2"]
[WhiteElo "1944"]
[BlackElo "1916"]
[PlyCount "74"]
[EventDate "2020.03.14"]
[EventType "tourn"]
[EventRounds "6"]
[EventCountry "BLR"]
[SourceTitle "CBM 195 Extra"]
[Source "ChessBase"]
[SourceDate "2020.05.31"]
[SourceVersion "1"]
[SourceVersionDate "2020.05.31"]
[SourceQuality "1"]

1. e4 c5 2. Nc3 a6 3. Nf3 d6 4. d4 cxd4 5. Nxd4 Nf6 6. h3 e5 7. Nde2 Be6 8. f4 Nc6 9. g3 Qb6 10. Bg2 Bc4 11. Nd5 Nxd5 12. exd5 Nd4 13. Nxd4 exd4 14. b3 Bxd5 15. Bxd5 Qa5+ 16. Kf2 Qxd5 17. Re1+ Be7 18. Bb2 Kf8 19. Qxd4 Qxd4+ 20. Bxd4 f6 21. Kf3 d5 22. Re6 Kf7 23. Rae1 Rhe8 24. Rb6 Rab8 25. g4 Rec8 26. Rbe6 Rc7 27. g5 Rd7 28. gxf6 Bxf6 29. Bxf6 gxf6 30. Kg4 d4 31. Rb6 Rc8 32. Re2 Rc3 33. Rd2 Rc5 34. Kf3 Rc3+ 35. Kg4 Rc5 36. Kf3 Rc3+ 37. Kg4 Rc5 1/2-1/2

[Event "BLR-ch U20 Girls"]
[Site "Kobrin"]
[Date "2019.05.14"]
[Round "4"]
[White "Stashis, Anna"]
[Black "Poliakova, Varvara"]
[Result "1-0"]
[WhiteElo "1902"]
[BlackElo "1900"]
[PlyCount "119"]
[EventDate "2019.05.11"]
[EventType "tourn"]
[EventRounds "9"]
[EventCountry "BLR"]
[SourceTitle "CBM 190 Extra"]
[Source "ChessBase"]
[SourceDate "2019.07.15"]
[SourceVersion "1"]
[SourceVersionDate "2019.07.15"]
[SourceQuality "1"]

1. e4 e5 2. Nf3 Nc6 3. d4 exd4 4. c3 d5 5. exd5 Qxd5 6. cxd4 Bg4 7. Nc3 Bb4 8. Be2 Nge7 9. 0-0 Qd7 10. Qa4 0-0 11. a3 Bd6 12. Rd1 Rad8 13. d5 Bxf3 14. Bxf3 Ne5 15. Be2 Qxa4 16. Nxa4 N5g6 17. Nc3 Be5 18. Bf3 Rd7 19. Be3 Rfd8 20. Bd4 Kf8 21. g3 c6 22. Bxa7 Bxc3 23. bxc3 Ne5 24. Bg2 Nxd5 25. Bh3 Nxc3 26. Bc5+ Kg8 27. Rxd7 Nxd7 28. Be7 Re8 29. Bb4 Ne2+ 30. Kf1 Nf6 31. Rd1 b6 32. Rd2 Nc1 33. Rc2 Nd3 34. Rxc6 Nxb4 35. axb4 Rb8 36. Ke1 Kf8 37. Bg2 Re8+ 38. Kd2 Re6 39. Rxe6 fxe6 40. Kc3 Ke7 41. Kc4 Kd6 42. Kb5 Kc7 43. f4 Ne8 44. Bh3 Nd6+ 45. Ka6 Kc6 46. Bxe6 Ne8 47. Bg8 h6 48. g4 Nf6 49. Be6 Ne8 50. Ba2 Nf6 51. g5 Ne8 52. h4 Nd6 53. Bb1 Ne8 54. f5 Nc7+ 55. Ka7 hxg5 56. hxg5 Kb5 57. f6 gxf6 58. gxf6 Kxb4 59. Ba2 Kc5 60. f7 1-0

[Event "BLR-ch U20 Girls"]
[Site "Kobrin"]
[Date "2019.05.13"]
[Round "3"]
[White "Kuzich, Aryna"]
[Black "Stashis, Anna"]
[Result "1-0"]
[WhiteElo "1800"]
[BlackElo "1902"]
[PlyCount "89"]
[EventDate "2019.05.11"]
[EventType "tourn"]
[EventRounds "9"]
[EventCountry "BLR"]
[SourceTitle "CBM 190 Extra"]
[Source "ChessBase"]
[SourceDate "2019.07.15"]
[SourceVersion "1"]
[SourceVersionDate "2019.07.15"]
[SourceQuality "1"]

1. e4 c5 2. Nf3 Nc6 3. d4 cxd4 4. c3 Nf6 5. e5 Nd5 6. cxd4 d6 7. Bc4 Nb6 8. Bb3 d5 9. Be3 Bf5 10. Nh4 Bxb1 11. Rxb1 e6 12. Nf3 Be7 13. 0-0 0-0 14. Nd2 Rc8 15. a3 Na5 16. Bc2 Nbc4 17. Nxc4 Nxc4 18. Qd3 g6 19. Bh6 Re8 20. Ba4 Bf8 21. Bf4 Re7 22. Bg5 Qa5 23. Bxe7 Bxe7 24. Bb3 Nd2 25. Rbc1 Rxc1 26. Rxc1 Bg5 27. Rc3 Nxb3 28. Rxb3 Qe1+ 29. Qf1 Qd2 30. Rd3 Qxb2 31. g3 Be7 32. a4 b5 33. axb5 Qxb5 34. Rf3 Qb6 35. Qc1 Qb7 36. Rc3 Bf8 37. Rc7 Qb6 38. Rc8 Kg7 39. Qg5 Qb1+ 40. Kg2 Qe4+ 41. Kh3 h5 42. Qf6+ Kg8 43. Rc7 Qg4+ 44. Kg2 Qe4+ 45. f3 1-0

[Event "Orsha op"]
[Site "Orsha"]
[Date "2019.01.23"]
[Round "8"]
[White "Stashis, Anna"]
[Black "Navumenka, Mikhei"]
[Result "0-1"]
[WhiteElo "1931"]
[BlackElo "2104"]
[PlyCount "74"]
[EventDate "2019.01.18"]
[EventType "swiss"]
[EventRounds "9"]
[EventCountry "BLR"]
[SourceTitle "CBM 188 Extra"]
[Source "ChessBase"]
[SourceDate "2019.02.26"]
[SourceVersion "1"]
[SourceVersionDate "2019.02.26"]
[SourceQuality "1"]

1. e4 e6 2. d4 d5 3. exd5 exd5 4. c4 Nf6 5. Nc3 dxc4 6. Bxc4 Be7 7. Nf3 0-0 8. 0-0 Bg4 9. h3 Bh5 10. g4 Bg6 11. Ne5 Nfd7 12. f4 Nxe5 13. dxe5 h5 14. Qxd8 Bxd8 15. f5 Bh7 16. g5 Kh8 17. Bd2 Nc6 18. Rae1 Nd4 19. Bd3 Be7 20. Nd5 Bc5 21. Be3 c6 22. Nc3 Rad8 23. Kg2 Rfe8 24. Bg1 Bb6 25. Rf4 c5 26. g6 fxg6 27. fxg6 Ne6 28. Rh4 Rxd3 29. gxh7 g5 30. Rhe4 Nf4+ 31. Rxf4 gxf4 32. e6 f3+ 33. Kf1 Kxh7 34. Ne4 Kg6 35. Nxc5 Rd5 36. Nxb7 Bxg1 37. Kxg1 Re7 0-1

[Event "Wch U18 Girls"]
[Site "Porto Carras"]
[Date "2018.10.26"]
[Round "7"]
[White "Sliwicka, Alicja"]
[Black "Stashis, Anna"]
[Result "1-0"]
[WhiteElo "2264"]
[BlackElo "1979"]
[PlyCount "81"]
[EventDate "2018.10.20"]
[EventType "swiss"]
[EventRounds "11"]
[EventCountry "GRE"]
[SourceTitle "CBM 187 Extra"]
[Source "ChessBase"]
[SourceDate "2018.11.04"]
[SourceVersion "1"]
[SourceVersionDate "2018.11.04"]
[SourceQuality "1"]

1. e4 d5 2. exd5 Qxd5 3. Nf3 Nf6 4. d4 Bg4 5. Be2 e6 6. 0-0 c6 7. c4 Qd8 8. h3 Bh5 9. Nc3 Be7 10. Bf4 0-0 11. Qd2 Bd6 12. Rfd1 Qc7 13. Bg5 Nbd7 14. d5 exd5 15. cxd5 Bb4 16. d6 Qa5 17. Qc1 Bxc3 18. bxc3 Ne4 19. Bd2 Qc5 20. Be3 Qxc3 21. Qb1 Nec5 22. Rc1 Qa3 23. Bxc5 Nxc5 24. Qf5 Bxf3 25. Bxf3 Ne6 26. Rd1 Rad8 27. d7 Qe7 28. Qd3 Ng5 29. Bg4 Qe4 30. Qb3 b6 31. Rac1 Ne6 32. Bxe6 fxe6 33. Rd6 Kh8 34. Rcd1 Qf4 35. Qc2 c5 36. Rxe6 Qf7 37. Red6 Qe7 38. Qd2 Rf6 39. Re1 Qf7 40. Re8+ Rxe8 41. dxe8Q+ 1-0

[Event "BLR-ch (Women) 62nd"]
[Site "Minsk"]
[Date "2018.01.22"]
[Round "5"]
[White "Badelka, Olga"]
[Black "Stashis, Anna"]
[Result "1-0"]
[WhiteElo "2399"]
[BlackElo "1946"]
[PlyCount "97"]
[EventDate "2018.01.18"]
[EventType "tourn"]
[EventRounds "11"]
[EventCountry "BLR"]
[SourceTitle "CBM 182 Extra"]
[Source "ChessBase"]
[SourceDate "2018.02.23"]
[SourceVersion "1"]
[SourceVersionDate "2018.02.23"]
[SourceQuality "1"]

1. d4 d5 2. c4 e6 3. Nc3 Be7 4. cxd5 exd5 5. Bf4 c6 6. e3 Bf5 7. g4 Be6 8. Bd3 Nd7 9. h3 g5 10. Bg3 h5 11. gxh5 Ngf6 12. Qc2 Rxh5 13. 0-0-0 Nb6 14. Nf3 Bd6 15. Ne5 Qe7 16. h4 g4 17. Bf4 Nbd7 18. Nxd7 Qxd7 19. Bg5 Be7 20. Ne2 0-0-0 21. Ng3 Rhh8 22. Nf5 Kb8 23. Nxe7 Qxe7 24. Qc5 Qxc5+ 25. dxc5 Nd7 26. Bxd8 Rxd8 27. b4 Rh8 28. h5 Rh6 29. Be2 Ne5 30. Kc2 f6 31. Kc3 Kc7 32. Rdf1 Bf5 33. Rh4 Ng6 34. Rh2 Ne5 35. f4 gxf3 36. Bxf3 Nxf3 37. Rxf3 Bg4 38. Rg3 f5 39. Kd4 Kd7 40. Ke5 Ke7 41. Kf4 Kf7 42. Rh4 Kg7 43. Rhxg4+ fxg4 44. Rxg4+ Kh7 45. Rg5 Rf6+ 46. Rf5 Rxf5+ 47. Kxf5 Kh6 48. Kg4 b6 49. Kf5 1-0

[Event "Wch U20 Girls 35th"]
[Site "Tarvisio"]
[Date "2017.11.25"]
[Round "11"]
[White "Di Benedetto, Desiree"]
[Black "Stashis, Anna"]
[Result "1-0"]
[WhiteElo "2190"]
[BlackElo "1907"]
[PlyCount "85"]
[EventDate "2017.11.13"]
[EventType "swiss"]
[EventRounds "11"]
[EventCountry "ITA"]
[SourceTitle "EXT 2019"]
[Source "ChessBase"]
[SourceDate "2018.10.10"]
[SourceVersion "1"]
[SourceVersionDate "2018.10.10"]
[SourceQuality "1"]

1. d4 f5 2. Nc3 Nf6 3. Bg5 d5 4. Bxf6 exf6 5. e3 Nc6 6. Bb5 Qd6 7. Qf3 Be6 8. Nge2 0-0-0 9. Nf4 Bf7 10. a3 g5 11. Nd3 Ne7 12. Nc5 Kb8 13. g3 Bg6 14. 0-0-0 f4 15. exf4 gxf4 16. Rhe1 Bf5 17. Bd3 Bc8 18. Nb5 Qc6 19. gxf4 Nf5 20. Nb3 Bh6 21. Kb1 a6 22. Nc3 Bf8 23. Ne2 h5 24. Rc1 Qb6 25. Ka2 a5 26. Bxf5 Bxf5 27. Qc3 a4 28. Nc5 Qb5 29. Ng3 Bc8 30. Ne6 Rd7 31. Nxf8 Rxf8 32. Nxh5 Rh7 33. Ng3 Rxh2 34. Qd2 Rd8 35. Rh1 Rxh1 36. Rxh1 Rd6 37. Qb4 Qa6 38. Rh8 Rc6 39. Nf5 Rb6 40. Rxc8+ Kxc8 41. Qf8+ Kd7 42. Qe7+ Kc6 43. Qe6+ 1-0

[Event "Wch U20 Girls 35th"]
[Site "Tarvisio"]
[Date "2017.11.22"]
[Round "9"]
[White "Stashis, Anna"]
[Black "Yuan, Ye"]
[Result "0-1"]
[WhiteElo "1907"]
[BlackElo "2196"]
[PlyCount "126"]
[EventDate "2017.11.13"]
[EventType "swiss"]
[EventRounds "11"]
[EventCountry "ITA"]
[SourceTitle "CBM 181 Extra"]
[Source "ChessBase"]
[SourceDate "2017.12.12"]
[SourceVersion "1"]
[SourceVersionDate "2017.12.12"]
[SourceQuality "1"]

1. e4 c5 2. c3 d5 3. exd5 Qxd5 4. d4 Nc6 5. Nf3 Bf5 6. Be3 Nf6 7. Be2 cxd4 8. cxd4 Bxb1 9. Qxb1 e5 10. 0-0 e4 11. Nd2 Bd6 12. g3 Nxd4 13. Bxd4 Qxd4 14. Bb5+ Ke7 15. Nc4 Bc7 16. Ne3 Qe5 17. a4 Rhc8 18. Qa2 Kf8 19. Bc4 Qh5 20. Kg2 Bb6 21. Rac1 Rd8 22. Be2 Qe5 23. Nc4 Qd5 24. Rfd1 Bd4 25. Qa3+ Kg8 26. Rxd4 Qxd4 27. Rd1 Qxd1 28. Bxd1 Rxd1 29. Ne5 Re8 30. Qb3 Rd5 31. Ng4 Rd7 32. Qb5 Rde7 33. Ne3 b6 34. Qc4 h5 35. b4 Ng4 36. Nf5 Re6 37. Qd4 Rf6 38. h3 Rxf5 39. hxg4 hxg4 40. Qd7 Rfe5 41. Qxg4 a5 42. bxa5 Rxa5 43. Qd7 Rea8 44. Qc6 Rxa4 45. Qxb6 Re8 46. Qc6 Raa8 47. Qd5 Rad8 48. Qa5 Rd6 49. Qb5 Rde6 50. Qc5 e3 51. fxe3 Rxe3 52. Qd4 Ra3 53. Qd7 Re2+ 54. Kh3 Rae3 55. Qd8+ Re8 56. Qd5 g6 57. Qc4 R8e5 58. Qc8+ Kg7 59. Qc3 g5 60. Qd4 f5 61. Qd8 Re7 62. Qd6 R7e6 63. Qd7+ Kg6 0-1

[Event "BLR-chT"]
[Site "Minsk"]
[Date "2017.05.13"]
[Round "6.2"]
[White "Stashis, Anna"]
[Black "Podolchenko, Evgeniy"]
[Result "0-1"]
[WhiteElo "1855"]
[BlackElo "2398"]
[PlyCount "78"]
[EventDate "2017.05.08"]
[EventType "team-swiss"]
[EventRounds "7"]
[EventCountry "BLR"]
[SourceTitle "CBM 178 Extra"]
[Source "ChessBase"]
[SourceDate "2017.06.22"]
[SourceVersion "1"]
[SourceVersionDate "2017.06.22"]
[SourceQuality "1"]
[WhiteTeam "Vendetta"]
[BlackTeam "Vector"]
[WhiteTeamCountry "BLR"]
[BlackTeamCountry "BLR"]

1. e4 e6 2. Nf3 d5 3. Nc3 Nf6 4. e5 Nfd7 5. d4 c5 6. dxc5 Nc6 7. Bf4 Be7 8. a3 Nxc5 9. Bd3 Bd7 10. 0-0 Rc8 11. Re1 Nxd3 12. Qxd3 0-0 13. Ne2 Qb6 14. b4 a6 15. Rac1 Qb5 16. Red1 Qxd3 17. cxd3 h6 18. Be3 f6 19. exf6 Bxf6 20. Ned4 Ne7 21. Rxc8 Rxc8 22. Rc1 Rxc1+ 23. Bxc1 e5 24. Nb3 Bb5 25. d4 e4 26. Ne5 Nf5 27. Bb2 b6 28. Nd2 Kf8 29. Nf1 Bxe5 30. dxe5 Bxf1 31. Kxf1 Ke7 32. Ke2 Ke6 33. f3 h5 34. g4 hxg4 35. fxg4 Nh4 36. h3 Nf3 37. a4 d4 38. Kf2 Kxe5 39. Ke2 b5 0-1

[Event "BLR-ch (Women)"]
[Site "Minsk"]
[Date "2017.01.15"]
[Round "3"]
[White "Stetsko, Lanita"]
[Black "Stashis, Anna"]
[Result "1-0"]
[WhiteElo "2253"]
[BlackElo "1916"]
[PlyCount "55"]
[EventDate "2017.01.13"]
[EventType "tourn"]
[EventRounds "9"]
[EventCountry "BLR"]
[SourceTitle "CBM 176 Extra"]
[Source "ChessBase"]
[SourceDate "2017.03.02"]
[SourceVersion "1"]
[SourceVersionDate "2017.03.02"]
[SourceQuality "1"]

1. e4 c5 2. Nf3 d6 3. c3 Nf6 4. Be2 Bd7 5. d3 g6 6. 0-0 Bg7 7. Nbd2 Nc6 8. d4 cxd4 9. cxd4 0-0 10. d5 Nb8 11. Rb1 a5 12. Bd3 Na6 13. Nb3 Nb4 14. a3 Nxd3 15. Qxd3 Nxe4 16. Qxe4 Bf5 17. Qh4 Bxb1 18. Bg5 Qb6 19. Nbd4 Bd3 20. Re1 Qxb2 21. Bc1 Qb6 22. Be3 Qc7 23. Bh6 Rfe8 24. Bxg7 Kxg7 25. Ng5 Qc4 26. Qxh7+ Kf6 27. Qxf7+ Kxg5 28. Ne6+ 1-0

[Event "EU-ch U16 Girls 26th"]
[Site "Prague"]
[Date "2016.08.26"]
[Round "8"]
[White "Shpanko, Nadiia"]
[Black "Stashis, Anna"]
[Result "1-0"]
[WhiteElo "2102"]
[BlackElo "1926"]
[PlyCount "91"]
[EventDate "2016.08.18"]
[EventType "swiss"]
[EventRounds "9"]
[EventCountry "CZE"]
[SourceTitle "CBM 174 Extra"]
[Source "ChessBase"]
[SourceDate "2016.10.10"]
[SourceVersion "1"]
[SourceVersionDate "2016.10.10"]
[SourceQuality "1"]

1. d4 f5 2. Nc3 d5 3. Bf4 a6 4. Nf3 Nf6 5. e3 e6 6. Bd3 c5 7. dxc5 Bxc5 8. 0-0 0-0 9. Ne2 Nc6 10. c4 Bd6 11. Bg5 dxc4 12. Bxc4 Na5 13. Bb3 Nxb3 14. Qxb3 Kh8 15. Rfd1 Qe7 16. Nf4 e5 17. Nd5 Be6 18. Nxe7 Bxb3 19. axb3 Bxe7 20. Nxe5 Kg8 21. Nd7 Nxd7 22. Bxe7 Rf7 23. Rxd7 Re8 24. Rxb7 Rexe7 25. Rxe7 Rxe7 26. Rxa6 Rb7 27. Ra3 Rd7 28. Ra1 Rb7 29. Kf1 Rxb3 30. Rb1 Kf7 31. Ke2 Ke6 32. Kd2 Ke5 33. Kc2 Rb6 34. b4 Rb7 35. Rb2 Kd5 36. Kd3 g5 37. b5 Rb6 38. Rb4 h5 39. Kc3 h4 40. Rd4+ Kc5 41. Rc4+ Kd5 42. Kb4 g4 43. Rd4+ Ke5 44. Ka5 Rb8 45. b6 Ra8+ 46. Kb5 1-0

[Event "EU-ch U16 Girls 26th"]
[Site "Prague"]
[Date "2016.08.24"]
[Round "6"]
[White "Sliwicka, Alicja"]
[Black "Stashis, Anna"]
[Result "1-0"]
[WhiteElo "2138"]
[BlackElo "1926"]
[PlyCount "95"]
[EventDate "2016.08.18"]
[EventType "swiss"]
[EventRounds "9"]
[EventCountry "CZE"]
[SourceTitle "CBM 174 Extra"]
[Source "ChessBase"]
[SourceDate "2016.10.10"]
[SourceVersion "1"]
[SourceVersionDate "2016.10.10"]
[SourceQuality "1"]

1. e4 c5 2. Nf3 d6 3. d4 cxd4 4. Nxd4 Nf6 5. f3 e5 6. Bb5+ Bd7 7. Bxd7+ Qxd7 8. Nf5 d5 9. Bg5 dxe4 10. Bxf6 gxf6 11. fxe4 Qxd1+ 12. Kxd1 Na6 13. Nd2 0-0-0 14. Ke2 Nc5 15. Rhf1 h5 16. Rf3 Kb8 17. Raf1 Bh6 18. Nxh6 Rxh6 19. g3 h4 20. b4 Nd7 21. g4 Rg6 22. h3 Rc8 23. Kd3 Rc6 24. Nc4 Nf8 25. Ne3 Ne6 26. Nd5 Ng5 27. Re3 Ra6 28. Ra1 Rg8 29. a4 Rd6 30. c4 Ne6 31. c5 Nf4+ 32. Kc4 Re6 33. Rf1 Rd8 34. Nxf4 exf4 35. Rxf4 Rd1 36. Rf5 Rc1+ 37. Kd3 Rb1 38. Kc3 Rc1+ 39. Kb2 Rc4 40. e5 fxe5 41. Kb3 Rf4 42. Rxf4 exf4 43. Rxe6 fxe6 44. Kc3 Kc7 45. Kd4 a6 46. b5 axb5 47. axb5 Kd7 48. g5 1-0

[Event "EU-ch U16 Girls 26th"]
[Site "Prague"]
[Date "2016.08.20"]
[Round "3"]
[White "Stashis, Anna"]
[Black "Kochukova, Anna"]
[Result "1/2-1/2"]
[WhiteElo "1926"]
[BlackElo "2041"]
[PlyCount "103"]
[EventDate "2016.08.18"]
[EventType "swiss"]
[EventRounds "9"]
[EventCountry "CZE"]
[SourceTitle "CBM 174 Extra"]
[Source "ChessBase"]
[SourceDate "2016.10.10"]
[SourceVersion "1"]
[SourceVersionDate "2016.10.10"]
[SourceQuality "1"]

1. e4 e5 2. Nf3 Nf6 3. Nc3 Nc6 4. Be2 Bb4 5. Nd5 Nxe4 6. Nxb4 Nxb4 7. d3 Nf6 8. Nxe5 d6 9. Nf3 h6 10. c3 Nbd5 11. 0-0 0-0 12. d4 Ne7 13. Bd3 Bf5 14. Nh4 Bxd3 15. Qxd3 Qd7 16. h3 d5 17. b3 Rfe8 18. Ba3 Ne4 19. Rfe1 Nf5 20. Nf3 Qd8 21. Ne5 Qg5 22. Bc1 Qf6 23. Qf3 Nh4 24. Qxf6 Nxf6 25. Bf4 c6 26. f3 Re7 27. Kf2 Rae8 28. g4 g5 29. Bg3 Ng6 30. Nxg6 fxg6 31. Be5 Nd7 32. Bg3 Kf7 33. Rxe7+ Rxe7 34. Re1 Rxe1 35. Kxe1 Nf8 36. Bb8 a6 37. Kd2 Ne6 38. Ke3 Ke7 39. Bg3 Kf6 40. Be5+ Kf7 41. Bg3 Ke7 42. h4 Kf7 43. hxg5 hxg5 44. Be5 Ke7 45. Kd3 Nf4+ 46. Kd2 Ne6 47. a4 b6 48. c4 Kd7 49. Kc3 Kc8 50. Bf6 Kc7 51. Kb4 Kb7 52. Kc3 1/2-1/2

[Event "Nezhmetdinov Memorial 37th"]
[Site "Kazan"]
[Date "2015.06.07"]
[Round "8"]
[White "Martynyuk, Elizaveta"]
[Black "Stashis, Anna"]
[Result "1-0"]
[WhiteElo "2078"]
[BlackElo "1834"]
[PlyCount "63"]
[EventDate "2015.05.31"]
[EventType "swiss"]
[EventRounds "9"]
[EventCountry "RUS"]
[SourceTitle "CBM 166 Extra"]
[Source "ChessBase"]
[SourceDate "2015.06.18"]
[SourceVersion "1"]
[SourceVersionDate "2015.06.18"]
[SourceQuality "1"]

1. e4 d5 2. exd5 Nf6 3. d4 Nxd5 4. c4 Nb6 5. Nf3 g6 6. Nc3 Bg7 7. c5 Nd5 8. Bc4 Nxc3 9. bxc3 0-0 10. 0-0 Nc6 11. Bg5 Bg4 12. h3 Bxf3 13. Qxf3 h6 14. Bh4 Qd7 15. Rab1 Na5 16. Bb5 c6 17. Bd3 e5 18. Rb4 Qe6 19. Ra4 b6 20. Re1 Nb7 21. Bc4 Qd7 22. cxb6 g5 23. Bg3 exd4 24. cxd4 axb6 25. Rxa8 Rxa8 26. d5 Na5 27. dxc6 Nxc6 28. Rd1 Qb7 29. Rd6 Na5 30. Bd5 Qe7 31. Bxa8 Nc4 32. Rd1 1-0